Aktuálne finančné podpory podnikateľov z dôvodu opatrení COVID-19

Popis dostupných finančných podpôr pre podnikateľov v období pandémie v programe Prvá pomoc a Prvá pomoc plus. Analýza a praktické rady.

Gespeichert in:
Bibliographische Detailangaben
1. Verfasser: Pakšiová, Renáta, 1974-
Format: Buchkapitel
Sprache:Slowakisch
Schlagworte:
Tags: Tag hinzufügen
Keine Tags, Fügen Sie das erste Tag hinzu!

MARC

LEADER 00000naa a2200000 4500
001 0269653
005 20240502074227.6
041 0 |a slo 
044 |a SK 
245 1 0 |a Aktuálne finančné podpory podnikateľov z dôvodu opatrení COVID-19  |c Renáta Pakšiová 
520 |a Popis dostupných finančných podpôr pre podnikateľov v období pandémie v programe Prvá pomoc a Prvá pomoc plus. Analýza a praktické rady. 
610 2 0 |a podnikatelia 
610 2 0 |a podpora podnikania 
610 2 0 |a pandémia 
610 2 0 |a kríza 
610 2 0 |a pomoc štátna 
610 2 0 |a koronavírus 
100 1 |a Pakšiová, Renáta, 1974-